Statistics for Largest Islands of Denmark Quiz - Map

Click here to take the quiz!

General Stats

  • This quiz has been taken 848 times
  • The average score is 7 of 13

Answers on the Map

Answers color-coded by a green-red scale on the quiz's map according to % correct below.
 

Answer Stats

Islandl% Correct
Zealand
98%
Funen
78%
Bornholm
74%
Lolland
65%
Falster
59%
Langeland
56%
Samsø
50%
Møn
48%
Læsø
47%
Als
43%
Rømø
41%
Mors
40%
North Jutlandic Island
32%

Score Distribution

Percentile by Number Answered

Percent of People with Each Score

Your Score History

You have not taken this quiz